000 00534nam a2200181Ia 4500
999 _c1876
_d1876
003 OSt
005 20200922122604.0
008 190216s9999||||xx |||||||||||||| ||und||
020 _a9788173813207
040 _coclc
082 _a580
_bSAN/C
100 _aSantra, S C
_94789
245 0 _aCollege Botany Practical (Vol- 2) /
_cS C Santra ; T P Chatterjee ; A P Das
260 _bNew Central Book Agencies,
_c2012.
_aKolkata:
300 _a492p
650 _aBotany
942 _cBK
_2ddc
_h580
_iSAN/C
_k580
_mSAN/C